00704nam a2200229 i 4500001000300000100002400003245006100027260004800088300004100136504001200177650000900189020001500198040000800213041000700221080001600228920001800244942000700262008004100269999001700310856009800327952004900425bg1 aCHAPMAN, Stephen J.10aJava for engineers and scientists /cStephen J. Chapman. aUpper Saddle River :bPrentice Hall,c2000. aXIX, 572 s. :brys., wykr. ;c24 cm. aIndeks. 9aJava a0139195238 cBPK0 aen a004.438Java a0-13-919523-8 cKS s pl f |000 0 pol  c40044d40044 uhttp://koha.tu.koszalin.pl/cgi-bin/koha/opac-detail.pl?biblionumber=40044yKatalog online BPK 00104070aBPKbBPKcwo59913p01619638yKS